• 首页
  • 本馆介绍
  • 公告通知
  • 最新文献
  • 馆藏检索
  • 电子资源
  • 读者导购
  • 参考咨询
  • 我的图书馆
  • 登录
  • 详细信息显示
  • 放入我的书架
  • 预约/预借图书
  • 作者相关作品
  • 分类相关作品
  • 丛书相关作品
  • 出版社相关作品

书目信息

  • 表格格式
  • 工作单格式
  • 卡片格式
题名:
积跬古鉴
    
 
作者: 子志 编著
分册:  
出版信息: 北京   中国纺织出版社  2005
页数: 201页
开本: 23cm
丛书名: 历代名人名家轶事
单 册:
中图分类: K820.2 , B848.4
科图分类:
主题词: 名人--生平事迹--中国--古代 , 名人 , 个性心理学 , 人格心理学
电子资源:
ISBN: 7-5064-3211-0
000 01047oam2 2200313 450
001 1261361520
005 20120927170522.71
010    @a7-5064-3211-0@dCNY25.00
100    @a20050204d2005 em y0chiy50 ea
101 0  @achi
102    @aCN@b110000
105    @aa z 000yy
106    @ar
200 1  @a积跬古鉴@e成大事必做的小事@f子志编著@Aji kui gu jian
210    @a北京@c中国纺织出版社@d2005
215    @a201页@c图@d23cm
225 2  @a历代名人名家轶事
330    @a本书选编了几千年来历代150多位名人名家的故事,告诉人们面对失败、面对恶劣的环境,只有知难而进、励精图治,以小事为先导,脚踏实地,一步一个脚印地去做,最终才有成就大事的可能。
461  0 @1001002850597
517 1  @a成大事必做的小事@Acheng da shi bi zuo de xiao shi
606 0  @a名人@x生平事迹@y中国@z古代
606 0  @a名人
606 0  @a个性心理学
606 0  @a人格心理学
690    @aK820.2@v4
690    @aB848.4@v4
701  0 @a子志@4编著@Azi zhi
801  0 @aCN@b大连网信软件有限公司图书馆·11@c20120927
905    @a10447@dB848.4@eJY340
    
    积跬古鉴:成大事必做的小事/子志编著.-北京:中国纺织出版社,2005
    201页:图;23cm .-(历代名人名家轶事 )
    
    
    ISBN 7-5064-3211-0:CNY25.00
    本书选编了几千年来历代150多位名人名家的故事,告诉人们面对失败、面对恶劣的环境,只有知难而进、励精图治,以小事为先导,脚踏实地,一步一个脚印地去做,最终才有成就大事的可能。
●
相关链接 在E读中查询图书 在五车中查询图书 在当当中查询图书 在豆瓣中查询图书


正题名:积跬古鉴     索取号:B848.4/JY340         预约/预借

序号 登录号 条形码 馆藏地/架位号 状态 备注
1 7804029   278040291   学院路分馆/ [索取号:B848.4/JY340] 在馆    
2 7804030   278040308   学院路分馆/ [索取号:B848.4/JY340] 在馆    
3 7804031   278040317   学院路分馆/ [索取号:B848.4/JY340] 在馆    
4 7804032   278040326   学院路分馆/ [索取号:B848.4/JY340] 在馆    
唐山师范学院图书馆 欢迎您!
大连网信软件有限公司© 版权所有